000 00774cam a2200217 i 4500
005 20251203103158.0
008 250721s2004 su gr 000 0 ara d
020 _a996040602
082 1 4 _a214.1
_bق ر ن
100 1 _aالقرني، عائض عبد الله
_eمؤلف.
245 1 2 _aالعظمة /
_cد. عائض القرني ؛ تحقيق أبو صهيب باحث بن أحمد الخزرجي الأنصاري.
250 _aالطبعة الثانية.
264 3 1 _aالرياض :
_bمكتبة العبيكان،
_c2004.
300 _a289 صفحة.
650 1 7 _aالعقيدة الدينية.
650 1 7 _aالله.
650 1 7 _aعلم الكلام.
650 1 7 _aالأسماء الحسنى.
942 _2ddc
_cBK
999 _c96463
_d96463